Datum a čas kvízu
33.5
Celkem bodů
Celkový počet nahraných bodů na tomto kvízu bez doplňovacích otázek.
9.
Pořadí na kvízu
Konečné umístění týmu na tomto kvízu.
Zaznamenané odpovědi
| # | Otázka | Odpověď | Body | Výsledky |
|---|---|---|---|---|
| 1. | Nejvyšší soud v pondělí defini... | proti pokutám za dopravní přestupky | 0 | |
| 2. | Ve středu lehla popelem zbrusu... | v Německu | 1 | |
| 3. | Na úterním pražském koncertu d... | Jonas Brothers | 1 | |
| 4. | Ve které evropské metropoli se... | v Paříži | 0 | |
| 5. | Ukrajinský šachový velmistr Ki... | mobilní telefon | 0 | |
| 6. | Tentokrát se v gastronomickém... | konvektomat | 1 | |
| 7. | Napište dvě slova pocházející... | sous-vide | 1 | |
| 8. | Nyní se podíváme na symboly, k... | č. 5 | 1 | |
| 9. | Napište značku nádobí, kterou... | Remoska | 1 | |
| 10. | Tuto sadu příborů používáme př... | šneci/ hlemýždi | 1 |